My favorite kpop visuals (male) Quiz Stats

 Plays Quiz not verified by Sporcle

Support Sporcle.
Go Orange.
Score 0/42 Timer 10:00
0 Plays Today
% Correct
ੈ♡‧₊˚choi san !!
100%
ੈ♡‧₊˚choi soobin !!
100%
ੈ♡‧₊˚choi yeonjun !!
100%
ੈ♡‧₊˚hwang hyunjin !!
100%
ੈ♡‧₊˚kang taehyun !!
100%
ੈ♡‧₊˚kim taehyung !!
100%
ੈ♡‧₊˚lee minho !!
100%
ੈ♡‧₊˚choi beomgyu !!
100%
ੈ♡‧₊˚kim dongyoung !!
88.9%
ੈ♡‧₊˚lee daehwi !!
88.9%
ੈ♡‧₊˚lee dongmin !!
88.9%
ੈ♡‧₊˚na jaemin !!
88.9%
ੈ♡‧₊˚bae jinyoung !!
77.8%
ੈ♡‧₊˚kang chanhee !!
77.8%
ੈ♡‧₊˚lee juyeon !!
77.8%
ੈ♡‧₊˚park junhee !!
77.8%
ੈ♡‧₊˚park seonghwa !!
77.8%
ੈ♡‧₊˚ji changmin !!
66.7%
ੈ♡‧₊˚kang minhee !!
66.7%
ੈ♡‧₊˚park jihoon !!
66.7%
ੈ♡‧₊˚hong joochan !!
55.6%
% Correct
ੈ♡‧₊˚kang hyunggu !!
55.6%
ੈ♡‧₊˚lee seoho !!
55.6%
ੈ♡‧₊˚son dongju !!
55.6%
ੈ♡‧₊˚yoo taeyang !!
55.6%
ੈ♡‧₊˚lee keonhee !!
55.6%
ੈ♡‧₊˚jo gyehyeon !!
44.4%
ੈ♡‧₊˚kim donghyun !!
44.4%
ੈ♡‧₊˚kim sehyoon !!
44.4%
ੈ♡‧₊˚kim wooseok !!
44.4%
ੈ♡‧₊˚kim younghoon !!
44.4%
ੈ♡‧₊˚lee hangyul !!
44.4%
ੈ♡‧₊˚kim hyojin !!
44.4%
ੈ♡‧₊˚kim junkyu !!
44.4%
ੈ♡‧₊˚son youngjae !!
44.4%
ੈ♡‧₊˚watanabe haruto !!
42.9%
ੈ♡‧₊˚choi jisu !!
33.3%
ੈ♡‧₊˚jung jinsung !!
33.3%
ੈ♡‧₊˚kim donghan !!
33.3%
ੈ♡‧₊˚kim junseo !!
33.3%
ੈ♡‧₊˚yoon jaehyuk !!
14.3%
ੈ♡‧₊˚jung sungmin !!
14.3%

You're not logged in!

Compare scores with friends on all Sporcle quizzes.
OR
Log In

From the Vault

Animal Puns

by needapausebutton

This quiz is amoosing...
Remove Ads.
Support Sporcle.
Get the best of Sporcle when you Go Orange. This ad-free experience offers more features, more stats, and more fun while also helping to support Sporcle. Thank you for becoming a member.

Show Comments

Extras

Top Quizzes Today


Score Distribution

Your Account Isn't Verified!

In order to create a playlist on Sporcle, you need to verify the email address you used during registration. Go to your Sporcle Settings to finish the process.

Report this User

Report this user for behavior that violates our Community Guidelines.

Details: